00625 2200229 4500001002100000005001500021035002000036007000300056008004100059020001500100082001100115084001700126100003300143245007600176250001100252260003800263300003600301504003000337990000800367990001000375990001000385INLIS00000000000653220210225015623 a0010-0221000296ta210225 g | ind  a9794892467 a582.15 a582.15 IR. b0 aIr. Budi Setiawan Atmosuseno1 aBudi Daya, Kegunaan, Dan Prospek Sengon /cIr. Budi Setiawan Atmosuseno acet. 3 aJakarta :bPenebar Swadaya,c1997 aviii, 143 hlm :b.ilus ;c21 cm aBibliografi : Hal 139-142 a939 a939 A a939 B